000
00272nam a2200133Ia 4500
100
_a
RYBAKOV/V.
650
_a
Production.
942
_c
BK
245
_a
ARC AND GAS WELDING
260
_b
S.Chand & Co.
_c
2008
082
_a
671.5/RYB
300
_a
687
546
_a
ENGLISH
999
_c
23892
_d
23892